000 00602nam a2200181Ia 4500
008 090630s9999 xx 000 0 und d
082 _b2199
100 _aजागीरदार गजानन.
245 _aसंध्याकाळ.
_cजागीरदार गजानन.
260 _bराजहंस.
_c1971
300 _a117
600 _aजागीरदार गजानन.
630 _aसंध्याकाळ.
655 _aचरित्र.
700 _aजागीरदार गजानन.
730 _aसंध्याकाळ.
942 _cBOOK
999 _c254055
_d254055